Experience Hendrix - Best of Jimi Hendrix (The) (Record n. 101678)

Dettagli MARC
000 -LEADER
fixed length control field 01650njm a2200337Ia 4500
001 - CONTROL NUMBER
control field E7094
003 - CONTROL NUMBER IDENTIFIER
control field IT-RoPAU
005 - DATE AND TIME OF LATEST TRANSACTION
control field 20220918181146.0
008 - FIXED-LENGTH DATA ELEMENTS--GENERAL INFORMATION
fixed length control field 131025s9999 xx 000 0 und d
040 ## - CATALOGING SOURCE
Original cataloging agency IT-RoPAU
040 ## - CATALOGING SOURCE
Transcribing agency IT-RoPAU
041 ## - LANGUAGE CODE
Language code of text/sound track or separate title INGLESE
999 ## - SYSTEM CONTROL NUMBERS (KOHA)
Koha Dewey Subclass [OBSOLETE] n.d.
100 ## - MAIN ENTRY--PERSONAL NAME
Personal name Hendrix Jimi
9 (RLIN) 2655
100 ## - MAIN ENTRY--PERSONAL NAME
Relator term Autore musica
9 (RLIN) 31808
100 ## - MAIN ENTRY--PERSONAL NAME
Miscellaneous information Codice autore musica SPICS: 5532
9 (RLIN) 2657
245 ## - TITLE STATEMENT
Title Experience Hendrix - Best of Jimi Hendrix (The)
250 ## - EDITION STATEMENT
Edition statement 2a ed.
260 ## - PUBLICATION, DISTRIBUTION, ETC. (IMPRINT)
Place of publication, distribution, etc. UN.CITY CALIFORNIA
260 ## - PUBLICATION, DISTRIBUTION, ETC. (IMPRINT)
Name of publisher, distributor, etc. MCA RECORDS
Date of publication, distribution, etc. 1997 [1a Ed.:]
300 ## - PHYSICAL DESCRIPTION
Extent COMPACT DISC
300 ## - PHYSICAL DESCRIPTION
Dimensions 74 minuti (Testo: pag.)
500 ## - GENERAL NOTE
General note Musica rock.
505 ## - FORMATTED CONTENTS NOTE
Formatted contents note Purple Haze (3:00) - Fire (3:00) - The Wind Cries Mary (4:00) - Hey Joe (4:00) - All Along the Watchtower (4:00) - Stone Free (4:00) - Crosstown Traffic (3:00) - Manic Depression (4:00) - Little Wing (3:00) - If 6 Was 9 (6:00) - Foxy Lady (4:00) - Bold As Love (5:00) - Castles Made of Sand (3:00) - Red House (4:00) - Voodoo Child [(Slight Return) (6:00)] - Freedom (4:00) - Night Bird Flying (4:00) - Angel (5:00) - Dolly Dagger (5:00) - Star Spangled Banner (4:00)
650 ## - SUBJECT ADDED ENTRY--TOPICAL TERM
Topical term or geographic name as entry element ROCK [COMPACT DISC]
Relator term Codice MATERIA SPICS: 9949
9 (RLIN) 31809
700 ## - ADDED ENTRY--PERSONAL NAME
Personal name Hendrix Jimi
Relator term Autore testo e musica
Miscellaneous information Codice autore testo/musica SPICS: 5532
9 (RLIN) 31810
700 ## - ADDED ENTRY--PERSONAL NAME
Personal name Roberts Billy
Relator term Autore testo/musica
Miscellaneous information Codice autore testo/musica SPICS: 20812
Name of part/section of a work Hey Joe
9 (RLIN) 31811
700 ## - ADDED ENTRY--PERSONAL NAME
Personal name Dylan Bob
Relator term Autore testo/musica
Miscellaneous information Codice autore testo/musica SPICS: 7026
Name of part/section of a work All Along the Watchtower
9 (RLIN) 31812
700 ## - ADDED ENTRY--PERSONAL NAME
Personal name Hendrix Jimi
Miscellaneous information Codice interprete SPICS: 5532
Relator term Interprete
9 (RLIN) 31813
942 ## - ADDED ENTRY ELEMENTS (KOHA)
Koha item type CD AUDIO
Source of classification or shelving scheme Dewey Decimal Classification
Dati di copia
Withdrawn status Lost status Damaged status Not for loan Home library Current library Date acquired Total Checkouts Full call number Date last seen Price effective from Koha item type Public note
    Buone Condizioni Not For Loan SPICS-MEDIATECA SPICS-MEDIATECA 25/10/2013   E7094 25/10/2013 25/10/2013 CD AUDIO Progr. Ins.: 2607 / N.Vol.: 1 / Copie: 1 - Copia rara: n.d. / date import: 01.01.2014 - By Epidotti, Trombetti, Vaglietti
CREDITS: SOCIETA' SAN PAOLO Via A.Severo, 58 - ROMA (RM) & PERIODICI SAN PAOLO SRL Via Giotto, 36 MILANO & CISF Via Giotto, 36 MILANO & EDIZIONI SAN PAOLO SRL,  Piazza Soncino, 5 CINISELLO BALSAMO (MI) -- ITALY